=LDR 00000nam 2200000 4500 =001 INLIS000000000034599 =005 20130612140510 =008 ***********************************ind** =035 ##$$0010-061300000034599 =041 ##$$a ind =082 ##$$a 028.5 =090 ##$$a 028.5, Man,b =100 ##$$a Man-Kong,Mary =245 ##$$a Barbie Of Suku Lake, Berbie Jadi Angsa, Mary Man Kong: Alih Bahasa, Ramayati =260 ##$$a 2007 $b Jakarta =300 ##$$a 21 hlm, Illus, 20 cm =650 ##$$a Bacaan Kanak-Kanak =700 ##$$a Ramayati =850 ##$$a NBPNMAT